Bilecik Bilecik Bilecik Bilecik Bilecik

Ege ve Yunan tarihi/ (Record no. 5547)

MARC details
000 -BAŞLIK
Sabit Uzunluktaki Kontrol Alanı 01136nam a22003377a 4500
001 - KONTROL NUMARASI
Control Dosyası 0005566
003 - KONTROL NUMARASI KİMLİĞİ
Kontrol Alanı KOHA_MİRAKIL
005 - EN SON İŞLEM TARİHİ ve ZAMANI
Kontrol Alanı 20260207001449.0
007 - FİZİKSEL TANIM SABİT ALAN - GENEL BİLGİ
Sabit uzunluklu kontrol alanı ta
008 - SABİT UZUNLUKTAKİ VERİ ÖGELERİ - GENEL BİLGİ
Sabit Alan 090616b1971 tu |||gr||||#||||0|tur |
020 ## - ISBN - ULUSLARARASI STANDART KİTAP NUMARASI
Isbn 9751607264
Kullanılabilirlik koşulları 0,01
040 ## - KATALOGLAMA KAYNAĞI
Özgün Kataloglama Kurumu TR-BiSEU
Kataloglama Dili tur
Çeviri Kurumu TR-BiSEU
Açıklama Kuralları rda
041 0# - DİL KODU
Metin ya da ses kaydının dil kodu tur
044 ## - YAYINLAYAN/ÜRETEN KURULUŞUN ÜLKE KODU
ISO country code tu
050 ## - SINIFLAMA ve YER NUMARASI
Sınıflama Numarası DF214
Yer Numarası .M36 1971
100 1# - KİŞİ ADI
Yazar Adı (Kişi adı) Mansel, Arif Müfid.
245 1# - ESER ADI BİLDİRİMİ
Başlık Ege ve Yunan tarihi/
Sorumluluk Bildirimi Arif Müfid Mansel ; Arif Müfid Mansel.
264 #1 - ÜRERİM, YAYIN, DAĞITIM ve TELİF BİLDİRİMİ
Yayın yeri Ankara :
Yayınlayan Atatürk, Kültür, Dil ve Tarih Yüksek Kurumu Türk Tarih Kurumu
Yayın tarihi 1971
300 ## - FİZİKSEL TANIMLAMA
Sayfa, Cilt vb. XXIV, 707 sayfa: resimli
336 ## - İÇERİK TÜRÜ
Content type term metin
Content type code txt
Source rdacontent
337 ## - MEDYA TÜRÜ
Media type term aracısız
Media type code n
Source rdamedia
338 ## - TAŞIYICI TÜRÜ
Carrier type term cilt
Carrier type code nc
Source rdacarrier
490 1# - DİZİ BİLDİRİMİ
Dizi Bildirimi Atatürk Kültür, Dil ve Tarih Kurumu Türk Tarih Kurumu Yayınları ;
Cilt Numarası XIII.
490 1# - DİZİ BİLDİRİMİ
Dizi Bildirimi Dizi-Sa.8b.
500 ## - GENEL NOT
Genel Not Kaynakça ve dizin var.
650 #0 - KONU BAŞLIĞI EK GİRİŞ - KONU TERİMİ
Konusal terim veya coğrafi ad Yunanistan--Tarih.
9 (RLIN) 13429
650 #0 - KONU BAŞLIĞI EK GİRİŞ - KONU TERİMİ
Konusal terim veya coğrafi ad Ege bölgesi--Tarih.
9 (RLIN) 13430
830 1# - SERİ EK GİRİŞİ - TEKBİÇİM ESER ADI
Tekbiçim Başlık Atatürk Kültür, Dil ve Tarih Kurumu Türk Tarih Kurumu Yayınları ;
Volume number/sequential designation XIII.
9 (RLIN) 13431
830 1# - SERİ EK GİRİŞİ - TEKBİÇİM ESER ADI
Tekbiçim Başlık Dizi-Sa.8b.
9 (RLIN) 13432
942 ## - EK GİRİŞ ÖGELERİ (KOHA)
Source of classification or shelving scheme Library of Congress Classification
Koha item type Book
Holdings
Materyal Türü Kalıcı Konum Mevcut Konum Raf Yeri Sınıflandırma Kaynağı Edinim Bilgisi Ana Konular Alt Konular Yer Numarası Demirbaş Numarası Fatura Tarihi Geri Çekilme Durumu Kayıp Durumu Hasarlı Durumu Kredi için değil Kayıt Tarih Toplam Ödünçverme Son Görülme Tarihi Son Kontrol Tarihi Genel / Bağış Notu
Book Prof. Dr. Azmi Özcan Kütüphanesi Prof. Dr. Azmi Özcan Kütüphanesi Uluğbey Salonu Library of Congress Classification Bağış DÜNYA TARİHİ (AVRUPA, ASYA, AFRİKA VB.) Yunanistan DF214 .M36 1971 0005566 13/08/2010         16/06/2009 4 05/12/2024 05/12/2024 M.Ali Gökaçtı